Countries of the World by Form of Government - Statistics

General Stats
  • This quiz has been taken 193 times
  • The average score is 73 of 196
Answer Stats
Country Form of Government % Correct
Afghanistan Presidential Republic
74%
Albania Parliamentary Republic
66%
Algeria Presidential Republic - Parliamentary Republic
63%
Argentina Presidential Republic
61%
Australia Constitutional Monarchy
56%
Angola Presidential Republic
56%
Armenia Presidential Republic - Parliamentary Republic
56%
Andorra Constitutional Monarchy
54%
Austria Parliamentary Republic
52%
China Communism
51%
Belgium Constitutional Monarchy
50%
Belarus Presidential Republic
50%
Brazil Presidential Republic
50%
Canada Constitutional Monarchy
49%
Azerbaijan Presidential Republic
49%
Bangladesh Parliamentary Republic
48%
Bosnia & Herzegovina Parliamentary Republic
48%
Chile Presidential Republic
48%
Brunei Absolute Monarchy
47%
Antigua & Barbuda Constitutional Monarchy
47%
Denmark Constitutional Monarchy
47%
Bulgaria Parliamentary Republic
47%
Bolivia Presidential Republic
47%
Colombia Presidential Republic
47%
Republic of the Congo Presidential Republic
47%
Democratic Republic of the Congo Presidential Republic - Parliamentary Republic
47%
Bahrain Constitutional Monarchy
46%
Benin Presidential Republic
46%
Burundi Presidential Republic
46%
Cameroon Presidential Republic
46%
Central African Republic Presidential Republic
46%
Chad Presidential Republic
46%
Costa Rica Presidential Republic
46%
Cyprus Presidential Republic
46%
The Bahamas Constitutional Monarchy
45%
Barbados Constitutional Monarchy
45%
Botswana Parliamentary Republic
45%
Croatia Parliamentary Republic
45%
Czech Republic Parliamentary Republic
45%
Germany Parliamentary Republic
45%
Greece Parliamentary Republic
45%
France Presidential Republic - Parliamentary Republic
45%
Cuba Communism
44%
Belize Constitutional Monarchy
44%
Bhutan Constitutional Monarchy
44%
Cambodia Constitutional Monarchy
44%
Cote D'Ivoire Presidential Republic
44%
Ecuador Presidential Republic
44%
Burkina Faso Presidential Republic - Parliamentary Republic
44%
Cape Verde Parliamentary Republic
43%
Dominican Republic Presidential Republic
43%
Georgia Presidential Republic - Parliamentary Republic
43%
Ethiopia Parliamentary Republic
42%
Finland Parliamentary Republic
42%
Iceland Parliamentary Republic
42%
Comoros Presidential Republic
42%
El Salvador Presidential Republic
42%
Dominica Parliamentary Republic
41%
East Timor Parliamentary Republic
41%
Estonia Parliamentary Republic
41%
Hungary Parliamentary Republic
41%
India Parliamentary Republic
41%
Israel Parliamentary Republic
41%
Italy Parliamentary Republic
41%
Equatorial Guinea Presidential Republic
41%
Gabon Presidential Republic
41%
Ghana Presidential Republic
41%
Guatemala Presidential Republic
41%
Guinea Presidential Republic
41%
Honduras Presidential Republic
41%
Indonesia Presidential Republic
41%
Djibouti Presidential Republic - Parliamentary Republic
41%
Guinea-Bissau Presidential Republic - Parliamentary Republic
41%
Guyana Presidential Republic - Parliamentary Republic
41%
Haiti Presidential Republic - Parliamentary Republic
41%
Ireland Parliamentary Republic
40%
The Gambia Presidential Republic
40%
Japan Constitutional Monarchy
39%
Iraq Parliamentary Republic
39%
Kenya Presidential Republic
39%
Iran Theocracy
39%
North Korea Communism
38%
Grenada Constitutional Monarchy
38%
Jamaica Constitutional Monarchy
38%
Luxembourg Constitutional Monarchy
38%
Norway Constitutional Monarchy
38%
Kiribati Parliamentary Republic
38%
Kosovo Parliamentary Republic
38%
Kyrgyzstan Parliamentary Republic
38%
Latvia Parliamentary Republic
38%
Lebanon Parliamentary Republic
38%
Kazakhstan Presidential Republic
38%
Mexico Presidential Republic
38%
Jordan Constitutional Monarchy
37%
Liechtenstein Constitutional Monarchy
37%
Eritrea Military Junta
37%
Madagascar Presidential Republic - Parliamentary Republic
37%
Morocco Constitutional Monarchy
36%
New Zealand Constitutional Monarchy
36%
Egypt Military Junta
36%
Libya Parliamentary Republic
36%
Macedonia Parliamentary Republic
36%
Malta Parliamentary Republic
36%
Liberia Presidential Republic
36%
Maldives Presidential Republic
36%
Mali Presidential Republic - Parliamentary Republic
36%
Kuwait Constitutional Monarchy
35%
Monaco Constitutional Monarchy
35%
Netherlands Constitutional Monarchy
35%
Lithuania Parliamentary Republic
35%
Marshall Islands Parliamentary Republic
35%
Montenegro Parliamentary Republic
35%
Nicaragua Presidential Republic
35%
Mauritania Presidential Republic - Parliamentary Republic
35%
Lesotho Constitutional Monarchy
34%
Malaysia Constitutional Monarchy
34%
Fiji Military Junta
34%
Mauritius Parliamentary Republic
34%
Federated States of Micronesia Parliamentary Republic
34%
Moldova Parliamentary Republic
34%
Mongolia Parliamentary Republic
34%
Poland Parliamentary Republic
34%
Malawi Presidential Republic
34%
Mozambique Presidential Republic
34%
Myanmar (Burma) Presidential Republic
34%
Namibia Presidential Republic
34%
Nigeria Presidential Republic
34%
Philippines Presidential Republic
34%
United States of America Presidential Republic
34%
Niger Presidential Republic - Parliamentary Republic
34%
Portugal Presidential Republic - Parliamentary Republic
34%
Russia Presidential Republic - Parliamentary Republic
34%
Oman Absolute Monarchy
33%
Qatar Absolute Monarchy
33%
Saudi Arabia Absolute Monarchy
33%
Spain Constitutional Monarchy
33%
Nepal Parliamentary Republic
33%
Romania Presidential Republic - Parliamentary Republic
33%
Laos Communism
32%
Sweden Constitutional Monarchy
32%
Pakistan Parliamentary Republic
32%
Panama Presidential Republic
32%
Paraguay Presidential Republic
32%
Peru Presidential Republic
32%
United Kingdom Constitutional Monarchy
31%
Nauru Parliamentary Republic
31%
San Marino Parliamentary Republic
31%
Serbia Parliamentary Republic
31%
Rwanda Presidential Republic
31%
South Korea Presidential Republic
31%
Senegal Presidential Republic - Parliamentary Republic
31%
Samoa Parliamentary Republic
30%
Singapore Parliamentary Republic
30%
Slovakia Parliamentary Republic
30%
Slovenia Parliamentary Republic
30%
South Africa Parliamentary Republic
30%
Palau Presidential Republic
30%
Papua New Guinea Constitutional Monarchy
29%
Saint Kitts & Nevis Constitutional Monarchy
29%
Saint Lucia Constitutional Monarchy
29%
Saint Vincent & the Grenadines Constitutional Monarchy
29%
Switzerland Directorial System (some elements of Parliamentary and Presidential Republic)
29%
Seychelles Presidential Republic
28%
Sierra Leone Presidential Republic
28%
Sudan Presidential Republic
28%
São Tomé & Príncipe Presidential Republic - Parliamentary Republic
28%
Sri Lanka Presidential Republic - Parliamentary Republic
28%
Taiwan Presidential Republic - Parliamentary Republic
28%
Vatican City (Holy See) Theocracy - Absolute Monarchy
28%
Thailand Constitutional Monarchy
27%
South Sudan Presidential Republic
27%
Syria Presidential Republic - Parliamentary Republic
27%
Solomon Islands Constitutional Monarchy
26%
Somalia Parliamentary Republic
26%
Turkey Parliamentary Republic
26%
Tajikistan Presidential Republic - Parliamentary Republic
26%
Tunisia Presidential Republic - Parliamentary Republic
26%
Swaziland Absolute Monarchy
25%
Suriname Presidential Republic
25%
United Arab Emirates Constitutional Monarchy
24%
Venezuela Presidential Republic
24%
Tanzania Presidential Republic
23%
Uruguay Presidential Republic
23%
Vietnam Communism
22%
Tonga Constitutional Monarchy
22%
Trinidad & Tobago Parliamentary Republic
22%
Togo Presidential Republic
22%
Turkmenistan Presidential Republic
22%
Zambia Presidential Republic
22%
Zimbabwe Presidential Republic
22%
Ukraine Presidential Republic - Parliamentary Republic
22%
Tuvalu Constitutional Monarchy
20%
Uganda Presidential Republic
20%
Uzbekistan Presidential Republic
20%
Yemen Presidential Republic
20%
Vanuatu Parliamentary Republic
19%
No matching quizzes found
Score Distribution
Percent of People with Each Score
Percentile by Number Answered
Your Score History
You have not taken this quiz